[Event "GER-chT School WK 3"]
[Site "Playchess.com INT"]
[Date "2020.06.15"]
[Round "4.2"]
[White "Pulter, Felix"]
[Black "Richter, Simon"]
[Result "1/2-1/2"]
[WhiteElo "1809"]
[BlackElo "1372"]
[PlyCount "164"]
[EventDate "2020.06.15"]
[EventType "team-swiss (blitz)"]
[EventRounds "5"]
[EventCountry "GER"]
[SourceTitle "EXT 2021"]
[Source "ChessBase"]
[SourceDate "2020.10.23"]
[SourceVersion "1"]
[SourceVersionDate "2020.10.23"]
[SourceQuality "1"]
[WhiteTeam "Luebeck Johanneum"]
[BlackTeam "Karlsruhe Humboldt Gymn"]
[WhiteTeamCountry "GER"]
[BlackTeamCountry "GER"]

1. Nf3 d5 2. g3 c5 3. Bg2 Nc6 4. 0-0 Nf6 5. d3 e6 6. Nbd2 Be7 7. c4 0-0 8. b3 b6 9. Bb2 Bb7 10. Ne5 Nxe5 11. Bxe5 Bd6 12. Nf3 Bxe5 13. Nxe5 Nd7 14. Nf3 d4 15. Rb1 Qc7 16. b4 Rab8 17. bxc5 bxc5 18. Qa4 Bc6 19. Qa6 Rb6 20. Rxb6 axb6 21. Qa3 Ra8 22. Qb3 Ra5 23. Rb1 Qa7 24. Rb2 Ra3 25. Qc2 Qa5 26. Nd2 Bxg2 27. Kxg2 Qc3 28. Ne4 Qa5 29. Nd6 Kf8 30. Nb5 Ra4 31. Qb3 Rb4 32. Qc2 Ke7 33. Rxb4 Qxb4 34. Qb3 Qxb3 35. axb3 f5 36. e3 g5 37. exd4 cxd4 38. Nxd4 Nc5 39. Nc6+ Kd6 40. Nb4 Nxb3 41. Kf3 Nd4+ 42. Ke3 e5 43. Nd5 Kc5 44. Nf6 h6 45. Nd7+ Kd6 46. Nxb6 Nc6 47. Nd5 Nd8 48. f4 exf4+ 49. gxf4 g4 50. Nf6 Kc5 51. Nh5 Ne6 52. Ng3 Nd4 53. Nf1 Nc2+ 54. Kd2 Nd4 55. Kc3 Nf3 56. Ng3 Nxh2 57. d4+ Kc6 58. Nxf5 Nf1 59. Kd3 g3 60. Ke2 Nh2 61. Nxg3 Ng4 62. Kf3 Nf6 63. Ne4 Nd7 64. Nf6 Kc7 65. Nxd7 Kxd7 66. Kg4 Kc6 67. Kh5 Kd6 68. Kxh6 Ke6 69. Kg6 Ke7 70. f5 Kd7 71. Kg7 Kc6 72. f6 Kd6 73. f7 Kc7 74. f8Q Kb7 75. Qf6 Kc7 76. Kf7 Kb7 77. Ke7 Kc7 78. Qd6+ Kb7 79. Kd7 Ka7 80. Qc6 Kb8 81. Kd6 Ka7 82. Qd7+ Kb8 1/2-1/2

[Event "GER-chT School WK 3"]
[Site "Playchess.com INT"]
[Date "2020.06.15"]
[Round "3.2"]
[White "Richter, Simon"]
[Black "Ho, Ngoc Hai Dang"]
[Result "0-1"]
[WhiteElo "1372"]
[BlackElo "2008"]
[PlyCount "100"]
[EventDate "2020.06.15"]
[EventType "team-swiss (blitz)"]
[EventRounds "5"]
[EventCountry "GER"]
[SourceTitle "EXT 2021"]
[Source "ChessBase"]
[SourceDate "2020.10.23"]
[SourceVersion "1"]
[SourceVersionDate "2020.10.23"]
[SourceQuality "1"]
[WhiteTeam "Karlsruhe Humboldt Gymn"]
[BlackTeam "Berlin H Hertz Gymn"]
[WhiteTeamCountry "GER"]
[BlackTeamCountry "GER"]

1. e4 e5 2. Nf3 Nc6 3. Bc4 Bc5 4. c3 Nf6 5. d4 exd4 6. cxd4 Bb4+ 7. Bd2 Bxd2+ 8. Nbxd2 d5 9. exd5 Nxd5 10. Qb3 Nce7 11. 0-0 0-0 12. Rfe1 c6 13. Ne5 Qc7 14. Rac1 Be6 15. Ndf3 h6 16. a3 Rad8 17. h3 Nf4 18. Bxe6 Nxe6 19. Nxf7 Rxf7 20. Qxe6 Rd6 21. Qb3 Nd5 22. Re8+ Rf8 23. Rxf8+ Kxf8 24. Ne5 Kg8 25. Rc3 Qb6 26. Qxb6 axb6 27. Rf3 Nf6 28. Rf4 Rd5 29. g4 c5 30. dxc5 Rxe5 31. cxb6 Rb5 32. h4 Rxb2 33. g5 hxg5 34. hxg5 Nh7 35. g6 Nf6 36. Rb4 Rxb4 37. axb4 Nd5 38. Kg2 Nxb4 39. Kf3 Nd5 40. Ke4 Nxb6 41. Kd4 Nd7 42. Kc4 Kf8 43. f4 Ke7 44. f5 Kf6 45. Kb5 b6 46. Ka6 Kxf5 47. Kb5 Kxg6 48. Kc6 Kf5 49. Kxd7 b5 50. Kc6 b4 0-1

[Event "Pfalz op-B 11th"]
[Site "Neustadt an der Weinstrasse"]
[Date "2020.02.21"]
[Round "1"]
[White "Richter, Simon"]
[Black "Gutzen, Werner"]
[Result "1-0"]
[WhiteElo "1653"]
[BlackElo "1879"]
[PlyCount "75"]
[EventDate "2020.02.21"]
[EventType "swiss"]
[EventRounds "7"]
[EventCountry "GER"]
[SourceTitle "CBM 195 Extra"]
[Source "ChessBase"]
[SourceDate "2020.05.31"]
[SourceVersion "1"]
[SourceVersionDate "2020.05.31"]
[SourceQuality "1"]

1. e4 c6 2. d4 d5 3. Nd2 dxe4 4. Nxe4 Bf5 5. Ng3 Bg6 6. Nf3 Nd7 7. h4 h6 8. h5 Bh7 9. Bd3 Bxd3 10. Qxd3 e6 11. Bd2 Ngf6 12. Ne4 Nxe4 13. Qxe4 Nf6 14. Qe2 Be7 15. 0-0-0 0-0 16. c4 b5 17. c5 Qd5 18. b3 Ne4 19. Ba5 Rab8 20. Rhe1 Nf6 21. Ne5 Rb7 22. f4 Bd8 23. Bxd8 Rxd8 24. g4 Nd7 25. g5 Nxe5 26. fxe5 hxg5 27. Qg4 Re8 28. Qxg5 f5 29. h6 Rd7 30. Rh1 Qf3 31. Rhg1 Ree7 32. Qg6 Qc3+ 33. Kb1 Rxd4 34. hxg7 Qxc5 35. Qh6 Rxd1+ 36. Rxd1 Rxg7 37. Rd8+ Kf7 38. Rd7+ 1-0